000 00476nam a2200193Ia 4500
005 20240823045301.0
008 240823s9999||||xx |||||||||||||| ||und||
020 _a978-81-8316-130-5
041 _aENGLISH
082 _A370.7110954 P8
100 _aJagannath Mohanty
245 0 _aDynamics of Teacher Education Vol 2
250 _a1st
260 _c2008
_bNeelkamal Publica
500 _aYES
650 _aTeacher Education
_bGeneral
942 _cBK
999 _c214601
_d214601